000 00388cam a22001217a 4500
008 180718b1969 xxu||||| |||| 00| 0 eng d
082 _aA81x54 In2/61/Vol 13/Pt 1-A (ii)
100 _aCensus of India 1961
245 _aPunjab: general report
260 _aDelhi
_bThe Manager of Publications
_c1969
300 _a1076+p.
440 _aCensus of India 1961. Volume XIII, Punjab. Part I-A (ii)
999 _c484355
_d484355